| Tag |
First Indicator |
Second Indicator |
Subfields |
| LEADER |
00000cam a2200000 i 4500 |
| 001 |
in00000081612 |
| 005 |
20151008053019.0 |
| 008 |
780420m19789999nyua 00110 eng d |
| 020 |
|
|
|a 0065301080 (v.3)
|
| 020 |
|
|
|a 0065301099 (v.4)
|
| 020 |
|
|
|a 0065301102 (v.5)
|
| 020 |
|
|
|a 0065301110 (v.6)
|
| 035 |
|
|
|a (OCoLC)03816860
|
| 035 |
|
|
|9 AAH5864AM
|
| 040 |
|
|
|a IQU
|c IQU
|d TXA
|d UtOrBLW
|
| 049 |
|
|
|a TXAM
|c 1
|v 3 [1632274]
|v 4 [1632275]
|v 5 [1632277]
|v 6 [1632279]
|c 2
|v 4 [1632276]
|v 6 [1632280]
|c 3
|v 6 [A08983013]
|
| 090 |
|
|
|a PE1112
|b .J47 1978
|
| 100 |
1 |
|
|a John, Mellie.
|
| 245 |
1 |
0 |
|a Basic language :
|b messages and meanings : text and grammar handbook /
|c Mellie John, Paulene M. Yates, Edward N. De Laney ; basic language coordinator, Norma W. Biedenharn.
|
| 264 |
|
1 |
|a New York :
|b Harper & Row,
|c [1978-]
|
| 264 |
|
4 |
|c ©1978-
|
| 300 |
|
|
|a volumes :
|b illustrations ;
|c 23 cm.
|
| 336 |
|
|
|a text
|b txt
|2 rdacontent
|
| 337 |
|
|
|a unmediated
|b n
|2 rdamedia
|
| 338 |
|
|
|a volume
|b nc
|2 rdacarrier
|
| 500 |
|
|
|a Cataloged from volume 3.
|
| 500 |
|
|
|a Volume 6 by John J. De Boer.
|
| 500 |
|
|
|a Some of the materials in this book were published under the titles of Building better English and The new building better English, by M. John.
|
| 500 |
|
|
|a Gr. 7-12.
|
| 500 |
|
|
|a Includes indexes.
|
| 650 |
|
0 |
|a English language
|x Composition and exercises.
|
| 650 |
|
0 |
|a English language
|x Grammar.
|
| 700 |
1 |
|
|a Yates, Paulene M.
|
| 700 |
1 |
|
|a De Laney, Edward N.
|
| 700 |
1 |
|
|a De Boer, John James,
|d 1903-1969.
|
| 999 |
|
|
|a MARS
|
| 999 |
f |
f |
|s e742476a-379e-3c24-a264-d91ad00c12a9
|i 0e236eb5-fd68-354a-a161-01f0daa095dc
|t 0
|
| 952 |
f |
f |
|p normal
|a Texas A&M University
|b College Station
|c Sterling C. Evans Library
|s Evans stk
|d Evans: Library Stacks
|t 0
|e PE1112 .J47 1978
|h Library of Congress classification
|i unmediated -- volume
|k v.3
|m A14807375885
|
| 952 |
f |
f |
|a Texas A&M University
|b Rellis Campus
|c Joint Library Facility
|d Remote Storage
|e PE1112 .J47 1978
|h Library of Congress classification
|i unmediated -- volume
|k v.3
|l Student ed.
|m A14825879984
|p ric
|s JLF
|t 0
|
| 952 |
f |
f |
|a Texas A&M University
|b Rellis Campus
|c Joint Library Facility
|d Remote Storage
|e PE1112 .J47 1978
|h Library of Congress classification
|i unmediated -- volume
|k v.5
|l Student ed.
|m A14825880066
|p ric
|s JLF
|t 0
|
| 952 |
f |
f |
|a Texas A&M University
|b Rellis Campus
|c Joint Library Facility
|d Remote Storage
|e PE1112 .J47 1978
|h Library of Congress classification
|i unmediated -- volume
|k v.6
|l Student ed.
|m A14825880105
|p ric
|s JLF
|t 0
|
| 952 |
f |
f |
|p normal
|a Texas A&M University
|b College Station
|c Sterling C. Evans Library
|s Evans stk
|d Evans: Library Stacks
|t 0
|e PE1112 .J47 1978
|h Library of Congress classification
|i unmediated -- volume
|k v.4
|m A14807366771
|
| 952 |
f |
f |
|a Texas A&M University
|b Rellis Campus
|c Joint Library Facility
|d Remote Storage
|e PE1112 .J47 1978
|h Library of Congress classification
|i unmediated -- volume
|k v.4
|l Student ed.
|m A14825880024
|p ric
|s JLF
|t 0
|
| 998 |
f |
f |
|a PE1112 .J47 1978
|s v.3-v.4
|t 0
|l Evans: Library Stacks
|
| 998 |
f |
f |
|a PE1112 .J47 1978
|s v.3-v.6 Student ed.
|t 0
|l Remote Storage
|